Normal view MARC view

Entry Topical Term

Number of records used in: 2

001 - CONTROL NUMBER

  • control field: 2584

003 - CONTROL NUMBER IDENTIFIER

  • control field: OSt

005 - DATE AND TIME OF LATEST TRANSACTION

  • control field: 20150121150502.0

008 - FIXED-LENGTH DATA ELEMENTS

  • fixed length control field: 150121|| aca||aabn | a|a d

040 ## - CATALOGING SOURCE

  • Original cataloging agency: OSt
  • Transcribing agency: OSt

150 ## - HEADING--TOPICAL TERM

  • Topical term or geographic name entry element: Parasitic diseases
  • General subdivision: Immunological aspects.

670 ## - SOURCE DATA FOUND

  • Source citation: Work cat.: (OSt)964: Parasitic infections and the immune system /, c1994.